000 01304nam0a2200349 4500
001 RU\NLR\bibl\426339
005 20260408194203.0
010 _a5-86476-207-5
_92000
021 _aRU
_b2003-28229
_91316
035 _a(NLR Aleph) 000420222
090 _a690229
_c690229
100 _a20030717d2003 |||y0rusy50 ca
101 0 _arus
102 _aRU
105 _ay |||||||||
200 1 _aСовершенствование финансового менеджмента рисковых видов страхования
_fЖеребко А.Е.
210 _aМ.
_cАнкил
_d2003
215 _a127 с.
_d21
320 _aБиблиогр.: с. 124-127 (63 назв.) и в подстроч. прим.
606 _aСтрахование
_xРиски
_xУправление
_3RU\NLR\auth\661355936
_92261511
610 0 _aСтраховые компании - Финансы - Управление
610 0 _aСтраховые риски - Управление
675 _a368.025.6
_v3
_zrus
686 _a65.271
_2rubbk
686 _aУ26(2)311
700 1 _aЖеребко
_bА. Е.
_gАндрей Евгеньевич
_4070
801 0 _aRU
_bRKP
_c20030717
_gPSBO
801 1 _aRU
_bRKP
_c20030717
801 2 _aRU
_bNLR
_c20031003
_grcr
942 _cBOOK
980 _aNB